[Event "British Rapidplay"]
[Site "Peterborough"]
[Date "2024.03.03"]
[Round "8"]
[White "Nicholas, Koichi B"]
[Black "Nawalaniec, Adam"]
[Result "0-1"]
[WhiteElo "2149"]
[BlackElo "2015"]
[PlyCount "103"]
[EventDate "2024.03.02"]
[EventType "swiss (rapid)"]
[EventRounds "11"]
[EventCountry "ENG"]
[SourceTitle "CB10_2024"]
[SourceDate "2024.03.06"]
[SourceVersion "1"]
[SourceVersionDate "2024.03.06"]
[SourceQuality "1"]

1. e4 c5 2. Nf3 d6 3. d4 cxd4 4. Nxd4 Nf6 5. Nc3 a6 6. Be3 e5 7. Nb3 Be7 8. f3 Be6 9. Qd2 h5 10. 0-0-0 Nbd7 11. Nd5 Nxd5 12. exd5 Bf5 13. Bd3 Bxd3 14. Qxd3 Bg5 15. Kb1 0-0 16. h4 Bxe3 17. Qxe3 f5 18. f4 e4 19. Rh3 Qf6 20. Rg3 g6 21. Rg5 Rae8 22. Nd4 Kh7 23. Nxf5 gxf5 24. Rxh5+ Kg6 25. Qe2 Rh8 26. Rg5+ Kf7 27. g4 Ke7 28. h5 fxg4 29. Qxg4 Kd8 30. Rg6 Qe7 31. Rg7 Nf6 32. Qg6 Reg8 33. h6 Rxg7 34. hxg7 Rg8 35. Rg1 e3 36. Qd3 e2 37. Re1 Rxg7 38. b3 Ne4 39. Kb2 Qf6+ 40. c3 Rg3 41. Qxe2 Qxc3+ 42. Ka3 Qc5+ 43. Kb2 Qd4+ 44. Ka3 Nc5 45. Qe7+ Kc8 46. Qxd6 Qa4+ 47. Kb2 Rg2+ 48. Kc3 Ne4+ 49. Kd3 Rg3+ 50. Re3 Rxe3+ 51. Kxe3 Nxd6 52. bxa4 0-1

[Event "British Rapidplay"]
[Site "Peterborough"]
[Date "2024.03.02"]
[Round "6"]
[White "Nicholas, Koichi B"]
[Black "Martin, Lewis"]
[Result "0-1"]
[WhiteElo "2149"]
[BlackElo "2076"]
[PlyCount "68"]
[EventDate "2024.03.02"]
[EventType "swiss (rapid)"]
[EventRounds "11"]
[EventCountry "ENG"]
[SourceTitle "CB10_2024"]
[SourceDate "2024.03.06"]
[SourceVersion "1"]
[SourceVersionDate "2024.03.06"]
[SourceQuality "1"]

1. e4 c6 2. d4 d5 3. Nc3 dxe4 4. Nxe4 Bf5 5. Ng3 Bg6 6. h4 h6 7. Nh3 e6 8. Nf4 Bh7 9. Nfh5 Nd7 10. Bc4 Ngf6 11. c3 Rg8 12. Bf4 Nd5 13. Qf3 Nxf4 14. Qxf4 Nb6 15. Be2 Bd6 16. Qf3 Qe7 17. Ne4 0-0-0 18. 0-0 Bc7 19. g3 f5 20. Nc5 e5 21. Ba6 bxa6 22. Qxc6 Rd5 23. dxe5 Rxc5 24. Qf3 Bxe5 25. Rfe1 Qc7 26. a4 g6 27. a5 Nd7 28. b4 Rxc3 29. Qa8+ Qb8 30. Qd5 gxh5 31. Rac1 Qc7 32. Rxc3 Qxc3 33. Qa8+ Nb8 34. Re3 Rxg3+ 0-1

[Event "BCF-chT2 2324 (4NCL)"]
[Site "England"]
[Date "2024.02.10"]
[Round "5.44"]
[White "Nicholas, Koichi B"]
[Black "Graham, David Bruce"]
[Result "1/2-1/2"]
[WhiteElo "2139"]
[BlackElo "2157"]
[PlyCount "104"]
[EventDate "2023.11.11"]
[EventType "team-tourn"]
[EventRounds "11"]
[EventCountry "ENG"]
[SourceTitle "CB11_2024"]
[SourceDate "2024.03.13"]
[SourceVersion "1"]
[SourceVersionDate "2024.03.13"]
[SourceQuality "1"]
[WhiteTeam "Schach Attack"]
[BlackTeam "Sussex Martlets"]
[WhiteTeamCountry "ENG"]
[BlackTeamCountry "ENG"]

1. e4 e5 2. Nf3 Nc6 3. Bb5 a6 4. Bxc6 dxc6 5. 0-0 f6 6. d4 exd4 7. Nxd4 c5 8. Ne2 Qxd1 9. Rxd1 Bd7 10. Be3 0-0-0 11. Nbc3 Bd6 12. Rd2 Ne7 13. Rad1 Ng6 14. f3 Rhe8 15. Nd5 Bc6 16. Kf2 b5 17. b3 Bxd5 18. Rxd5 Bf8 19. Nc1 Ne5 20. Ke2 Rxd5 21. Rxd5 c6 22. Rd1 c4 23. h3 Ba3 24. g3 Kc7 25. Bf4 Bxc1 26. Bxc1 cxb3 27. cxb3 a5 28. Be3 Ra8 29. f4 Nf7 30. Bc5 a4 31. b4 Re8 32. Kf3 Nd8 33. Bd6+ Kc8 34. e5 Nb7 35. exf6 gxf6 36. Bc5 Nxc5 37. bxc5 Kc7 38. Rd6 b4 39. Rxf6 b3 40. axb3 axb3 41. Rd6 Rd8 42. Re6 Rd3+ 43. Kg4 Rc3 44. Re7+ Kc8 45. Re8+ Kb7 46. Re1 Rxc5 47. f5 b2 48. Rb1 Rc2 49. f6 Rf2 50. f7 Rxf7 51. Rxb2+ Kc7 52. Kh5 c5 1/2-1/2

[Event "Douglas Major & Minor op"]
[Site "Douglas"]
[Date "2023.11.03"]
[Round "7"]
[White "Nicholas, Koichi B"]
[Black "Pert, Nina P"]
[Result "1-0"]
[WhiteElo "2139"]
[BlackElo "2043"]
[PlyCount "91"]
[EventDate "2023.10.28"]
[EventType "swiss"]
[EventRounds "7"]
[EventCountry "IOM"]
[SourceTitle "CB46_2023"]
[SourceDate "2023.11.15"]
[SourceVersion "1"]
[SourceVersionDate "2023.11.15"]
[SourceQuality "1"]

1. e4 c5 2. Nf3 d6 3. d4 cxd4 4. Nxd4 Nf6 5. Nc3 g6 6. Be3 Bg7 7. f3 Nc6 8. Qd2 0-0 9. Bc4 Bd7 10. 0-0-0 Rc8 11. Bb3 Nxd4 12. Bxd4 b5 13. Nd5 Nxd5 14. Bxg7 Kxg7 15. exd5 a5 16. a3 Kg8 17. Rhe1 Rc5 18. Qd4 b4 19. axb4 axb4 20. Qxb4 Qa8 21. Qd4 Rfc8 22. g4 Qb7 23. Kd2 Bb5 24. Qb4 Qa7 25. c3 Bc4 26. Kc2 Rb5 27. Qxc4 Rxc4 28. Bxc4 Ra5 29. b4 Qf2+ 30. Rd2 Qxe1 31. bxa5 Kg7 32. a6 h5 33. Re2 Qa1 34. Kb3 e5 35. dxe6 fxe6 36. Rxe6 Qd1+ 37. Kb4 Qxf3 38. gxh5 gxh5 39. Rxd6 Qf8 40. Kc5 h4 41. a7 Qf2+ 42. Kc6 Qf3+ 43. Kc7 Qa8 44. Kb6 Qf8 45. Rd7+ Kg6 46. Kb7 1-0

[Event "Douglas Major & Minor op"]
[Site "Douglas"]
[Date "2023.10.28"]
[Round "1"]
[White "Cross, Glenn"]
[Black "Nicholas, Koichi B"]
[Result "0-1"]
[WhiteElo "1742"]
[BlackElo "2139"]
[PlyCount "59"]
[EventDate "2023.10.28"]
[EventType "swiss"]
[EventRounds "7"]
[EventCountry "IOM"]
[SourceTitle "CB46_2023"]
[SourceDate "2023.11.15"]
[SourceVersion "1"]
[SourceVersionDate "2023.11.15"]
[SourceQuality "1"]

1. d4 Nf6 2. Nf3 c5 3. c4 cxd4 4. Nxd4 Nc6 5. Nc3 e6 6. g3 Qb6 7. Nxc6 Qxc6 8. Rg1 Qxc4 9. e4 Qc7 10. a3 Bc5 11. Qe2 a6 12. Be3 0-0 13. Rc1 d6 14. b4 Bxe3 15. Qxe3 Ng4 16. Qe2 e5 17. f3 Nf6 18. Qe3 Qe7 19. Rg2 Be6 20. Rd2 Rac8 21. Rcd1 Rfd8 22. Kf2 h6 23. b5 axb5 24. Bxb5 Rc5 25. a4 Rdc8 26. Nd5 Bxd5 27. exd5 e4 28. Rd4 Rc3 29. Bd3 Qe5 30. fxe4 0-1

[Event "UK-ch Blitz"]
[Site "Leamington Spa"]
[Date "2022.12.03"]
[Round "2"]
[White "Gordon, Frederick"]
[Black "Nicholas, Koichi B"]
[Result "0-1"]
[WhiteElo "2067"]
[BlackElo "2116"]
[PlyCount "55"]
[EventDate "2022.12.03"]
[EventType "tourn (blitz)"]
[EventRounds "15"]
[EventCountry "ENG"]
[SourceTitle "CBM 211 Extra"]
[Source "ChessBase"]
[SourceDate "2023.01.31"]
[SourceVersion "1"]
[SourceVersionDate "2023.01.31"]
[SourceQuality "1"]

1. e4 e5 2. Nf3 Nc6 3. Bc4 Nf6 4. Ng5 d5 5. exd5 b5 6. Bf1 h6 7. dxc6 hxg5 8. Nc3 b4 9. Na4 Ng4 10. h3 Nxf2 11. Kxf2 Qd4+ 12. Ke1 Qh4+ 13. Ke2 Bg4+ 14. hxg4 Qxg4+ 15. Ke1 Qg3+ 16. Ke2 Rxh1 17. Qe1 Qg4+ 18. Kf2 Bd6 19. d3 f5 20. Qe2 Qh4+ 21. g3 Rh2+ 22. Bg2 Qh3 23. Qf3 e4 24. dxe4 0-0-0 25. Bxg5 Rf8 26. e5 Bxe5 27. Rh1 Bd4+ 28. Be3 0-1

[Event "UK-ch Blitz"]
[Site "Leamington Spa"]
[Date "2022.12.03"]
[Round "5"]
[White "Nicholas, Koichi B"]
[Black "Han, Yichen"]
[Result "1-0"]
[WhiteElo "2116"]
[BlackElo "2323"]
[PlyCount "97"]
[EventDate "2022.12.03"]
[EventType "tourn (blitz)"]
[EventRounds "15"]
[EventCountry "ENG"]
[SourceTitle "CBM 211 Extra"]
[Source "ChessBase"]
[SourceDate "2023.01.31"]
[SourceVersion "1"]
[SourceVersionDate "2023.01.31"]
[SourceQuality "1"]

1. e4 c5 2. Nf3 Nc6 3. d4 cxd4 4. Nxd4 Nf6 5. Nc3 e5 6. Ndb5 d6 7. Bg5 a6 8. Na3 b5 9. Bxf6 gxf6 10. Nd5 f5 11. g3 Bg7 12. Bg2 0-0 13. exf5 Bxf5 14. Ne3 Ne7 15. Nxf5 Nxf5 16. Qh5 Nd4 17. c3 b4 18. cxd4 bxa3 19. Be4 Qa5+ 20. b4 Qxb4+ 21. Kf1 h6 22. Qf5 Rfc8 23. Bxa8 Rxa8 24. Qf3 Rc8 25. Kg2 Qxd4 26. Rhd1 e4 27. Qf5 Qc4 28. Rac1 Qxc1 29. Rxc1 Rxc1 30. Qxe4 Rc5 31. Qa8+ Kh7 32. Qxa6 Rc3 33. Qxd6 Kg8 34. h4 Kh7 35. h5 Kg8 36. Qd7 Bf6 37. Qf5 Bg7 38. g4 Rc7 39. Qd3 Bb2 40. Qd8+ Kg7 41. Qxc7 Kf6 42. Qc4 Kg5 43. Kf3 Kh4 44. Qxf7 Bc1 45. Qc7 Bb2 46. Qg3+ Kg5 47. Ke4 Bc1 48. f4+ Kf6 49. Qc3+ 1-0

[Event "UK-ch Blitz"]
[Site "Leamington Spa"]
[Date "2022.12.03"]
[Round "13"]
[White "Nicholas, Koichi B"]
[Black "Storey, Charles"]
[Result "0-1"]
[WhiteElo "2116"]
[BlackElo "2251"]
[PlyCount "96"]
[EventDate "2022.12.03"]
[EventType "tourn (blitz)"]
[EventRounds "15"]
[EventCountry "ENG"]
[SourceTitle "CBM 211 Extra"]
[Source "ChessBase"]
[SourceDate "2023.01.31"]
[SourceVersion "1"]
[SourceVersionDate "2023.01.31"]
[SourceQuality "1"]

1. e4 g6 2. d4 Bg7 3. Nc3 c5 4. Nf3 Qa5 5. Be2 cxd4 6. Nxd4 Nc6 7. Be3 Nf6 8. 0-0 0-0 9. Bf3 Ne5 10. Be2 d6 11. h3 Qc7 12. Qd2 Nc4 13. Bxc4 Qxc4 14. Qd3 Qxd3 15. cxd3 Bd7 16. Rac1 a6 17. f4 e6 18. Rf2 Rfc8 19. Rfc2 Nh5 20. Nde2 f5 21. exf5 gxf5 22. Kf2 Nf6 23. Ng3 Rc6 24. Nce2 Nd5 25. Bd2 Rac8 26. Rxc6 bxc6 27. b3 c5 28. Nc3 Nb4 29. Ke2 Bxc3 30. Bxc3 Nxa2 31. Rc2 Nxc3+ 32. Rxc3 Bc6 33. Kf2 Bd5 34. b4 c4 35. Nf1 Rc6 36. dxc4 Rxc4 37. Ra3 Rxf4+ 38. Ke1 Bxg2 39. Ne3 Bxh3 40. Rxa6 Re4 41. Kd2 f4 42. Nd1 d5 43. Ra7 Rxb4 44. Nc3 Bf5 45. Ke2 Rb2+ 46. Kf1 f3 47. Nd1 Rb1 48. Ke1 Bc2 0-1

[Event "UK-ch Blitz"]
[Site "Leamington Spa"]
[Date "2022.12.03"]
[Round "1"]
[White "Tahmankar, Mandar"]
[Black "Nicholas, Koichi B"]
[Result "1/2-1/2"]
[WhiteElo "2097"]
[BlackElo "2116"]
[PlyCount "55"]
[EventDate "2022.12.03"]
[EventType "tourn (blitz)"]
[EventRounds "15"]
[EventCountry "ENG"]
[SourceTitle "CBM 211 Extra"]
[Source "ChessBase"]
[SourceDate "2023.01.31"]
[SourceVersion "1"]
[SourceVersionDate "2023.01.31"]
[SourceQuality "1"]

1. d4 Nf6 2. c4 c5 3. d5 b5 4. cxb5 a6 5. bxa6 Bxa6 6. Nc3 g6 7. g3 Bg7 8. Bg2 d6 9. e4 Nbd7 10. f4 0-0 11. Nge2 Qb6 12. 0-0 Ng4 13. Bf3 c4+ 14. Kg2 Ne3+ 15. Bxe3 Qxe3 16. Qc1 Qb6 17. Na4 Qa5 18. Qc2 Rfb8 19. Rab1 Qb4 20. Nac3 Nc5 21. Rfd1 Nd3 22. a3 Qb3 23. Qxb3 Rxb3 24. Nc1 Rxb2+ 25. Rxb2 Nxb2 26. Rd2 Nd3 27. N1e2 Bc8 28. Ra2 1/2-1/2

[Event "BCF-chT3Sb 1920 (4NCL)"]
[Site "England"]
[Date "2020.02.08"]
[Round "5.61"]
[White "Nicholas, Koichi B"]
[Black "Norman, Kenneth I"]
[Result "1-0"]
[WhiteElo "2082"]
[BlackElo "2120"]
[PlyCount "103"]
[EventDate "2019.11.09"]
[EventType "team-tourn"]
[EventRounds "11"]
[EventCountry "ENG"]
[SourceTitle "EXT 2023"]
[Source "ChessBase"]
[SourceDate "2022.10.05"]
[SourceVersion "1"]
[SourceVersionDate "2022.10.05"]
[SourceQuality "1"]
[WhiteTeam "Oxford II"]
[BlackTeam "Iceni"]
[WhiteTeamCountry "ENG"]
[BlackTeamCountry "ENG"]

1. e4 e5 2. Nf3 Nc6 3. Bc4 Bc5 4. b4 Bxb4 5. c3 Ba5 6. d4 d6 7. Qb3 Qd7 8. Nbd2 Bb6 9. dxe5 Na5 10. Qc2 Nxc4 11. Nxc4 d5 12. exd5 Qxd5 13. Ne3 Qe6 14. 0-0 Ne7 15. Ba3 c5 16. Rad1 Qg6 17. Qa4+ Qc6 18. Qh4 Ng6 19. Qg5 h6 20. Qg3 Be6 21. Rd6 Qc8 22. Nh4 Nxh4 23. Qxh4 0-0 24. f4 c4 25. Bc1 Bc5 26. f5 Bxf5 27. Kh1 Bg6 28. Rdf6 Re8 29. Ng4 Re6 30. Rxe6 Qxe6 31. Bxh6 Be7 32. Bg5 Bxg5 33. Qxg5 Qd5 34. h4 Qd8 35. Nf6+ gxf6 36. exf6 Qd3 37. Rf3 Qd1+ 38. Kh2 Qd6+ 39. Kh3 Re8 40. Qh6 Qf8 41. Qg5 Rc8 42. Re3 Rc5 43. Qf4 Kh7 44. Re7 Qc8+ 45. g4 Rd5 46. Kh2 Rd3 47. h5 Bxh5 48. Qe4+ Bg6 49. Rxf7+ Kh8 50. Qf4 Kg8 51. Rg7+ Kf8 52. Rxg6 1-0

[Event "Uxbridge op"]
[Site "Denham"]
[Date "2009.02.21"]
[Round "2"]
[White "Nicholas, Koichi B"]
[Black "Seymour, Timothy P"]
[Result "0-1"]
[WhiteElo "2087"]
[BlackElo "2040"]
[PlyCount "86"]
[EventDate "2009.02.20"]
[EventType "swiss"]
[EventRounds "5"]
[EventCountry "ENG"]
[SourceTitle "EXT 2011"]
[Source "ChessBase"]
[SourceDate "2010.11.26"]
[SourceVersion "1"]
[SourceVersionDate "2010.11.26"]
[SourceQuality "1"]

1. e4 e6 2. d4 d5 3. Nc3 Nf6 4. Bg5 Bb4 5. e5 h6 6. Bd2 Bxc3 7. bxc3 Ne4 8. Qg4 Kf8 9. Bd3 Nxd2 10. Kxd2 c5 11. h4 c4 12. Be2 b5 13. Rh3 Nc6 14. Rg3 Rh7 15. Qf4 Bd7 16. Bh5 Be8 17. Nh3 Rb8 18. Rf3 Qe7 19. Rb1 Kg8 20. Qg4 b4 21. Kd1 a5 22. Nf4 a4 23. cxb4 Rxb4 24. Rxb4 Nxb4 25. a3 Nc6 26. Nxd5 exd5 27. Qc8 g6 28. e6 Qxe6 29. Qa8 Qd7 30. Re3 Ne7 31. Bf3 Kf8 32. c3 f6 33. Qa6 Qc6 34. Re6 Qxa6 35. Rxa6 Bc6 36. Kd2 Kg7 37. Bd1 Rh8 38. Bxa4 Bxa4 39. Rxa4 Rb8 40. Rb4 Rxb4 41. axb4 Kf7 42. Kc2 Ke6 43. g4 g5 0-1

[Event "BCF-chT4b 0405 (4NCL)"]
[Site "Telford"]
[Date "2004.11.07"]
[Round "2.4"]
[White "Williams, Robin"]
[Black "Nicholas, Koichi B"]
[Result "1/2-1/2"]
[WhiteElo "1650"]
[BlackElo "2087"]
[PlyCount "110"]
[EventDate "2004.11.06"]
[EventType "team"]
[EventRounds "11"]
[EventCountry "ENG"]
[SourceTitle "EXT 2006"]
[Source "ChessBase"]
[SourceDate "2005.11.24"]
[SourceVersion "1"]
[SourceVersionDate "2005.11.24"]
[SourceQuality "1"]
[WhiteTeam "Braille Chess Association"]
[BlackTeam "Slough III"]
[WhiteTeamCountry "ENG"]
[BlackTeamCountry "ENG"]

1. e4 e5 2. Nf3 Nc6 3. Bb5 a6 4. Ba4 Nf6 5. 0-0 Be7 6. Re1 b5 7. Bb3 0-0 8. a4 Bb7 9. d3 d6 10. c3 Na5 11. Bc2 c5 12. Nbd2 Re8 13. h3 Bf8 14. Nf1 h6 15. Ng3 g6 16. d4 Qc7 17. d5 Bg7 18. Nh2 Bc8 19. b4 cxb4 20. cxb4 Nc4 21. axb5 Qb8 22. Bd2 axb5 23. Rxa8 Qxa8 24. Bb3 Bd7 25. Bxc4 bxc4 26. Qa1 Qb7 27. Qc3 Bb5 28. Nf3 Ra8 29. Ra1 Nd7 30. Ne1 Nb6 31. Rxa8+ Qxa8 32. Qc1 Kh7 33. Nc2 Qc8 34. Na3 Ba4 35. Be3 Qc7 36. Bxb6 Qxb6 37. Qxc4 Bd7 38. b5 f5 39. exf5 gxf5 40. Qb4 e4 41. Nc4 Qd4 42. b6 Bc8 43. b7 Bxb7 44. Qxb7 Qxc4 45. Nxf5 Qc1+ 46. Kh2 Qf4+ 47. Ng3 Qxf2 48. Nh5 Qd4 49. Qxg7+ Qxg7 50. Nxg7 Kxg7 51. Kg3 e3 52. Kf3 Kf6 53. Kxe3 Ke5 54. g4 Kxd5 55. h4 Ke5 1/2-1/2

[Event "BCF-chT2 0102 (4NCL)"]
[Site "Birmingham"]
[Date "2001.09.22"]
[Round "1.4"]
[White "Walton, Alan J"]
[Black "Nicholas, Koichi B"]
[Result "0-1"]
[WhiteElo "2212"]
[BlackElo "2112"]
[PlyCount "70"]
[EventDate "2001.09.22"]
[EventType "team"]
[EventRounds "11"]
[EventCountry "ENG"]
[SourceTitle "EXT 2003"]
[Source "ChessBase"]
[SourceDate "2002.11.25"]
[SourceVersion "1"]
[SourceVersionDate "2002.11.25"]
[SourceQuality "1"]
[WhiteTeam "Numerica 3CS"]
[BlackTeam "Slough II"]
[WhiteTeamCountry "ENG"]
[BlackTeamCountry "ENG"]

1. d4 c5 2. d5 Nf6 3. Nc3 Qa5 4. Bd2 b5 5. Ne4 b4 6. Nxf6+ gxf6 7. e4 d6 8. a3 Qb6 9. axb4 cxb4 10. Be3 Qc7 11. Nf3 Bg7 12. Nd4 a5 13. Bb5+ Bd7 14. Bxd7+ Nxd7 15. 0-0 Ne5 16. Qh5 0-0 17. Rae1 a4 18. f4 Ng6 19. Rf3 Rfb8 20. Rh3 a3 21. Qxh7+ Kf8 22. Qxg6 e5 23. fxe5 dxe5 24. Ne6+ fxe6 25. dxe6 axb2 26. Kh1 Rb7 27. Rf1 Ra1 28. Rhf3 Qe7 29. Bh6 Kg8 30. Bxg7 Qxg7 31. Qe8+ Qf8 32. Rg3+ Rg7 33. Rxg7+ Kxg7 34. Qd7+ Kg8 35. Qd3 b1Q 0-1

[Event "BCF-chT2 0001 (4NCL)"]
[Site "Birmingham"]
[Date "2001.05.06"]
[Round "10.7"]
[White "Nicholas, Koichi B"]
[Black "Hague, Ben"]
[Result "1/2-1/2"]
[WhiteElo "2108"]
[BlackElo "2188"]
[PlyCount "73"]
[EventDate "2000.11.26"]
[EventType "team"]
[EventRounds "11"]
[EventCountry "ENG"]
[SourceTitle "CBM 079 Extra"]
[Source "ChessBase"]
[SourceDate "2001.01.11"]
[SourceVersion "2"]
[SourceVersionDate "2001.01.25"]
[SourceQuality "1"]
[WhiteTeam "Slough II"]
[BlackTeam "NW Eagles"]
[WhiteTeamCountry "ENG"]
[BlackTeamCountry "ENG"]

1. e4 e5 2. Nf3 Nc6 3. Bb5 a6 4. Bxc6 dxc6 5. 0-0 Qd6 6. Na3 b5 7. d3 Bg4 8. h3 Bh5 9. Qe2 h6 10. Be3 Qe6 11. c3 Bd6 12. Rfe1 Ne7 13. Nb1 0-0 14. g4 Bg6 15. Nbd2 f6 16. Nf1 h5 17. Nh4 hxg4 18. hxg4 Kf7 19. Ng3 Rh8 20. Nhf5 Rh3 21. Kg2 Rah8 22. Rh1 Rxh1 23. Nxh1 Bxf5 24. gxf5 Nxf5 25. exf5 Qxf5 26. Ng3 Qh3+ 27. Kf3 e4+ 28. dxe4 Bxg3 29. fxg3 Qh5+ 30. Kf2 Qh2+ 31. Kf3 Qh5+ 32. g4 Qh3+ 33. Kf2 Qh2+ 34. Kf1 Qh3+ 35. Kf2 Qh2+ 36. Kf1 Qh3+ 37. Kf2 1/2-1/2

[Event "BCF-chT2 0001 (4NCL)"]
[Site "Birmingham"]
[Date "2001.03.17"]
[Round "7.5"]
[White "Nicholas, Koichi B"]
[Black "Lee, Graham D"]
[Result "0-1"]
[WhiteElo "2108"]
[BlackElo "2313"]
[PlyCount "102"]
[EventDate "2000.11.26"]
[EventType "team"]
[EventRounds "11"]
[EventCountry "ENG"]
[SourceTitle "CBM 079 Extra"]
[Source "ChessBase"]
[SourceDate "2001.01.11"]
[SourceVersion "2"]
[SourceVersionDate "2001.01.25"]
[SourceQuality "1"]
[WhiteTeam "Slough II"]
[BlackTeam "Wood Green II"]
[WhiteTeamCountry "ENG"]
[BlackTeamCountry "ENG"]

1. e4 c6 2. d4 d5 3. Nc3 dxe4 4. Nxe4 Nd7 5. Ng5 Ngf6 6. Bd3 e6 7. N1f3 Bd6 8. Qe2 h6 9. Ne4 Nxe4 10. Qxe4 Nf6 11. Qe2 Qb6 12. c3 c5 13. Bb5+ Bd7 14. Bxd7+ Nxd7 15. d5 Nf8 16. Ne5 Bxe5 17. Qxe5 0-0-0 18. Qxg7 Rh7 19. Qg4 h5 20. Qg8 exd5 21. 0-0 Qg6 22. Qxg6 fxg6 23. Re1 Rf7 24. Bg5 Rd6 25. Be7 Rc6 26. Re5 Re6 27. Rxe6 Nxe6 28. Bd6 Kd7 29. Bg3 Nf4 30. Bxf4 Rxf4 31. f3 Ra4 32. Rd1 Rxa2 33. Rxd5+ Kc6 34. Rd2 Kb5 35. g4 hxg4 36. fxg4 g5 37. h4 gxh4 38. g5 Ra6 39. Kh2 Rg6 40. Rg2 Kc4 41. Kh3 a5 42. Kxh4 a4 43. Kh5 Rg8 44. g6 a3 45. bxa3 Kxc3 46. Rg3+ Kb2 47. a4 c4 48. Re3 c3 49. Re7 Rh8+ 50. Kg5 Rb8 51. Re5 Rc8 0-1

[Event "BCF-chT2 0001 (4NCL)"]
[Site "Birmingham"]
[Date "2001.01.28"]
[Round "6.5"]
[White "Nicholas, Koichi B"]
[Black "Parkin, James Matthew"]
[Result "0-1"]
[WhiteElo "2108"]
[BlackElo "2129"]
[PlyCount "108"]
[EventDate "2000.11.26"]
[EventType "team"]
[EventRounds "11"]
[EventCountry "ENG"]
[SourceTitle "CBM 079 Extra"]
[Source "ChessBase"]
[SourceDate "2001.01.11"]
[SourceVersion "2"]
[SourceVersionDate "2001.01.25"]
[SourceQuality "1"]
[WhiteTeam "Slough II"]
[BlackTeam "Bristol II"]
[WhiteTeamCountry "ENG"]
[BlackTeamCountry "ENG"]

1. e4 c5 2. Nf3 d6 3. d4 cxd4 4. Nxd4 Nf6 5. Nc3 Nc6 6. Bc4 e6 7. Bb3 Be7 8. Be3 0-0 9. f3 a6 10. Qd2 Nxd4 11. Bxd4 b5 12. 0-0-0 Bb7 13. g4 Nd7 14. h4 Nc5 15. g5 Nxb3+ 16. axb3 d5 17. Qf4 Bd6 18. e5 Be7 19. Rdg1 Qc7 20. h5 Rac8 21. Qd2 Kh8 22. g6 h6 23. Be3 d4 24. Bxh6 dxc3 25. Bxg7+ Kg8 26. bxc3 Qxc3 27. Qxc3 Rxc3 28. Bxf8 Bxf8 29. g7 Ba3+ 30. Kb1 Rc8 31. Rh4 Bc5 32. Rgg4 Bxf3 33. Rf4 Bf2 34. Rh3 Bg2 35. Rd3 Bb6 36. h6 Bd5 37. Rg3 Kh7 38. Rxf7 Rg8 39. Rf8 Be4 40. Rg4 Bf5 41. Rg2 Be3 42. Rh2 Bf4 43. Rh1 b4 44. Rh4 Bd2 45. Kb2 a5 46. Ka2 Bg5 47. Rh5 Bf4 48. Rhxf5 exf5 49. e6 Bg5 50. Kb1 Be7 51. Rxg8 Kxg8 52. Kc1 Bf6 53. Kd2 Bxg7 54. e7 Bxh6+ 0-1

[Event "BCF-chT2 0001 (4NCL)"]
[Site "Birmingham"]
[Date "2001.01.27"]
[Round "5.5"]
[White "Jakubovics, Nick S"]
[Black "Nicholas, Koichi B"]
[Result "1-0"]
[WhiteElo "2229"]
[BlackElo "2108"]
[PlyCount "107"]
[EventDate "2000.11.26"]
[EventType "team"]
[EventRounds "11"]
[EventCountry "ENG"]
[SourceTitle "CBM 079 Extra"]
[Source "ChessBase"]
[SourceDate "2001.01.11"]
[SourceVersion "2"]
[SourceVersionDate "2001.01.25"]
[SourceQuality "1"]
[WhiteTeam "Bristol"]
[BlackTeam "Slough II"]
[WhiteTeamCountry "ENG"]
[BlackTeamCountry "ENG"]

1. e4 e5 2. Nf3 Nc6 3. d4 exd4 4. Nxd4 Nf6 5. Nxc6 bxc6 6. e5 Qe7 7. Qe2 Nd5 8. c4 Ba6 9. b3 g6 10. g3 Bg7 11. Bb2 0-0 12. Bg2 Rae8 13. 0-0 Bxe5 14. Bxe5 Qxe5 15. Qxe5 Rxe5 16. cxd5 Bxf1 17. Kxf1 cxd5 18. Nc3 c6 19. Rd1 Rfe8 20. Bf3 Kg7 21. h4 f5 22. Ne2 Kf6 23. Nf4 a5 24. Nd3 R5e7 25. Nc5 d6 26. Nd3 Rb7 27. Rc1 Rb6 28. Nb2 Ke6 29. Na4 Ra6 30. Be2 Raa8 31. Nb6 Rac8 32. Nxc8 Rxc8 33. Bb5 c5 34. Re1+ Kf6 35. Re8 Rc7 36. Ke2 c4 37. Kd2 c3+ 38. Kc2 d4 39. Bc4 f4 40. Rf8+ Ke5 41. Rxf4 a4 42. Rf7 Rc6 43. Re7+ Kf6 44. Re6+ Kf5 45. Re1 Rc5 46. Be6+ Kf6 47. b4 Rc7 48. Bd5 a3 49. g4 Rc8 50. g5+ Kg7 51. Rd1 Rf8 52. Rxd4 Rxf2+ 53. Kxc3 h6 54. b5 1-0

[Event "Smith & Williamson YM-B 10th"]
[Site "Witley"]
[Date "2000.07.22"]
[Round "11"]
[White "Kieran, Rosalind"]
[Black "Nicholas, Koichi B"]
[Result "1-0"]
[WhiteElo "2106"]
[BlackElo "2118"]
[PlyCount "53"]
[EventDate "2000.07.17"]
[EventType "swiss"]
[EventRounds "11"]
[EventCountry "ENG"]
[SourceTitle "EXT 2001"]
[Source "ChessBase"]
[SourceDate "2000.11.22"]
[SourceVersion "1"]
[SourceVersionDate "2000.11.22"]
[SourceQuality "1"]

1. e4 e5 2. Nf3 Nc6 3. Bc4 Nf6 4. d3 Be7 5. c3 0-0 6. 0-0 d6 7. Nbd2 Na5 8. Bb5 a6 9. Ba4 b5 10. Bc2 c5 11. Re1 Nc6 12. Nf1 Kh8 13. Ng3 Ng8 14. d4 cxd4 15. cxd4 Qc7 16. Be3 Bg4 17. d5 Na5 18. Bd3 Nc4 19. Bxc4 Qxc4 20. Nxe5 Bxd1 21. Nxc4 bxc4 22. Rexd1 Bf6 23. Rab1 Rab8 24. Rdc1 Rfc8 25. Nf5 Bxb2 26. Nxd6 Rf8 27. Bd4 1-0